| 000 | 00610nam a2200193Ia 4500 | ||
|---|---|---|---|
| 005 | 20250507130258.0 | ||
| 008 | 008 250505s9999 xx 000 0 eng d | ||
| 037 | _aSeries Article | ||
| 040 |
_aEASL _beng _cEASL |
||
| 041 |
_aeng _2eng |
||
| 084 | _qEASL | ||
| 100 |
_aSen Dwaipayan _9670567 |
||
| 245 | 0 | _aRepresentaion, education and agrarian reform: jogendernath mandal and the natuer of scheduled caste politics, 1937-1943 | |
| 260 |
_aUK _bCambridge Cambridge University Press UK _c2014 |
||
| 300 | _a77-120 | ||
| 650 | _aAsian Studies | ||
| 942 | _cSRA | ||
| 999 |
_c1318737 _d1318737 |
||